| 000 | 00790cab a2200241 4500 | ||
|---|---|---|---|
| 001 | WB3032-99 | ||
| 008 | 090401t1994 xxu||||| |||| 00| 0 eng d | ||
| 035 | _a(Sirsi) u37296 | ||
| 041 | _aeng | ||
| 245 | _aCharge to enter cities | ||
| 260 | _c1994 | ||
| 350 | _a0 | ||
| 490 |
_aDaily Telegraph _v22 August 1994, 1; 23 August 1994, 4(2) |
||
| 520 | _aDrivers may have to pay to enter towns and cities under government plans to help relieve traffic jams. Councils would be given the right to charge tolls and use the money to improve public transport. | ||
| 650 | _aAIR POLLUTION | ||
| 650 | _aCONGESTION CHARGING | ||
| 650 | _aROAD CHARGING | ||
| 650 | _aTOLL ROADS | ||
| 650 | _aTRAFFIC JAMS | ||
| 690 | _aTRANSPORT AND COMMUNICATIONS | ||
| 942 | _n0 | ||
| 948 | _c04/03/1997 | ||
| 999 |
_c24129 _d24129 |
||